header

Porphyry's Homeric questions on the Iliad (Record no. 147765)

MARC details
000 -LEADER
fixed length control field 01597nam a2200373Ia 4500
082 04 - DEWEY DECIMAL CLASSIFICATION NUMBER
Classification number 883/.01
100 0# - MAIN ENTRY--AUTHOR NAME
Personal name Porphyry,
245 10 - TITLE STATEMENT
Title Porphyry's Homeric questions on the Iliad
260 ## - PUBLICATION, DISTRIBUTION, ETC. (IMPRINT)
Place of publication New York :
Name of publisher De Gruyter,
Year of publication 2010.
300 ## - PHYSICAL DESCRIPTION
Number of Pages 310 p.
490 0# - SERIES STATEMENT
Series statement Texte und kommentare. Eine altertumswissenschaftliche reihe ;
650 #0 - SUBJECT ADDED ENTRY--TOPICAL TERM
Topical Term Greek poetry
700 1# - ADDED ENTRY--PERSONAL NAME
Personal name MacPhail, John A.,
856 40 - ELECTRONIC LOCATION AND ACCESS
Uniform Resource Identifier http://site.ebrary.com/lib/rucke/Doc?id=10435839

No items available.

© 2026 Rongo University
Contact us: librarian | system librarian | Rongo university